Statistics for South America Multiple Choice

Click here to take the quiz!

General Stats

  • This quiz has been taken 18 times
  • The average score is 5 of 9

Answer Stats

QuestionAnswer% Correct
Which South American country drives on the leftGuyana
88%
Easter Island belongs to which South American countryChile
76%
Which is the only South American country with an Atlantic and Pacific coastlineColombia
76%
In which South American country is English the official languageGuyana
71%
Fortaleza is a city in which South American countryBrazil
59%
Which South American country has a different emblem on both sides of flagParaguay
35%
A former president of which country famously declined to live in his palace and donated 90% of his salary to charityUruguay
35%
The currency of which South American country is called the Bolivar FuerteVenezuela
35%
The Camino de las Yungus road known to be the most dangerous road in the world claiming 250-300 livesBolivia
29%

Score Distribution

Percentile by Number Answered

Percent of People with Each Score

Your Score History

You have not taken this quiz